[Event "Ciocaltea Memorial"]
[Site "Bucharest"]
[Date "2003.03.14"]
[Round "11"]
[White "Iordachescu, Viorel"]
[Black "Grigore, George Gabriel"]
[Result "1/2-1/2"]
[WhiteElo "2550"]
[BlackElo "2482"]
[Annotator "Huzman,A"]
[PlyCount "51"]
[EventDate "2003.03.04"]
[EventType "tourn"]
[EventRounds "13"]
[EventCountry "ROU"]
[EventCategory "9"]
[SourceTitle "CBM 094"]
[Source "ChessBase"]
[SourceDate "2003.05.26"]
[SourceVersion "1"]
[SourceVersionDate "2003.05.26"]
[SourceQuality "1"]

1. e4 d6 2. d4 Nf6 3. Nc3 e5 4. Nf3 Nbd7 5. Bc4 Be7 6. O-O O-O 7. Re1 c6 8. a4
a5 9. b3 exd4 10. Nxd4 Nc5 11. Bb2 (11. Ba3 Qb6 12. Qd2 Ng4 13. Rad1 Bf6 14. h3
Ne5 15. Bf1 Bxh3 16. gxh3 Ne6 17. Nce2 c5 18. Bg2 cxd4 19. Kh1 Bg5 20. f4 Bh6
21. Rf1 Ng6 $15 {0-1 Rantanen,Y-Prokopchuk,E/Vantaa 2001/EXT 2002 (62)}) 11...
Re8 (11... Be6 12. Bf1 Qb6 13. g3 Rad8 14. Bg2 Ne8 15. Nd5 cxd5 16. exd5 Nc7
17. dxe6 fxe6 18. Qd2 $14 {1/2-1/2 Dominguez,L-Georgiev,V/Merida MEX 2002/(83)}
) (11... Ng4 12. Be2 Nf6 13. Bf3 {1/2-1/2 Markidis,K-Stamenkov,V/Thessaloniki
2001/EXT 2003 (13)}) (11... Kh8 12. Qd2 Ng4 13. Rad1 Qb6 14. Bf1 Bf6 15. h3 Ne5
16. Qe3 Ng6 17. Nf5 Bxf5 18. exf5 Nh4 19. Nd5 $6 cxd5 20. Bxf6 gxf6 21. Qd4 (
21. Qf4 $142) 21... Nxf5 22. Qxf6+ Ng7 23. Rxd5 Qd8 $17 {1/2-1/2 Shirov,
A-Hamdouchi,H/Barcelona 2000/CBM 77 ext (40)}) 12. Qf3 (12. Qd2 Bf8 13. f3 Qb6
14. Kh1 Bd7 15. Rad1 Rad8 16. Qf4 Ne6 17. Nxe6 Bxe6 18. Bxe6 fxe6 19. e5 Nd5
20. Qd2 dxe5 21. Qg5 Be7 22. Qg3 Qc7 23. Ne4 Nf4 24. Rxd8 Rxd8 25. Nf2 Ng6 26.
Qg4 $44 {1/2-1/2 Shirov,A-Beliavsky,A/Germany 2000/CBM 76 (59)}) 12... Bf8 (
12... Ncd7 13. Be2 Bf8 14. Qf4 {1/2-1/2 Zapf,H-Kunzmann,H/email 2001/Telechess
CBM 91 (14)}) 13. h3 Ncd7 $5 (13... Re5 14. Re3 g6 {1/2-1/2 Klovans,J-Shabanov,
Y/Arco 2001/EXT 2002 (14)}) 14. Bf1 Ne5 15. Qd1 (15. Qg3 {would be a better
contribution to developing White's initiative.} Qb6 16. Rad1 $14) 15... Qb6 16.
Kh1 Ng6 17. Qd2 Bd7 18. Rad1 Rad8 19. f4 (19. g3 d5 20. exd5 Rxe1 21. Rxe1 Bb4
$1 $132) 19... d5 $6 (19... Nh5 $5 20. f5 (20. Nde2 Qf2 21. Bc1 Be7 $36) 20...
Ne5 (20... Ng3+ 21. Kh2 Nxf1+ 22. Rxf1 Ne5 23. f6 $36) 21. Qf2 Nf6 $11) 20. f5
(20. e5 $1 Ne4 (20... Nh5 21. Nce2 c5 (21... f5 22. Qe3 Nf6 23. Nxf5 Qxe3 24.
Nxe3 Ne4 25. Kg1 Bb4 26. e6 Bxe1 27. Rxe1 Bxe6 28. f5 $16) 22. Nf3 d4 (22...
Bf5 23. g4 Be4 24. Bg2 Nhxf4 25. Nxf4 Nxf4 26. Qxf4 Bxc2 27. Ng5 $18) 23. g4
Bc6 24. Bg2 $16) 21. Nxe4 dxe4 22. Bc3 Bb4 23. Bxb4 axb4 24. Qe3 $16) 20... Ne5
21. exd5 cxd5 22. Qf4 Nc4 $1 23. Ba1 Nd6 (23... Bd6 24. Qf2 Ne5 $15) 24. Bd3
Rxe1+ 25. Rxe1 Re8 26. Rxe8 (26. Rxe8 Ndxe8 27. Ncb5 Nd6 $132 {[%csl Re4]})
1/2-1/2

[Event "Ciocaltea Memorial"]
[Site "Bucharest"]
[Date "2003.03.10"]
[Round "7"]
[White "Furtuna, Alexei"]
[Black "Grigore, George Gabriel"]
[Result "1/2-1/2"]
[WhiteElo "2415"]
[BlackElo "2482"]
[Annotator "Huzman,A"]
[PlyCount "65"]
[EventDate "2003.03.04"]
[EventType "tourn"]
[EventRounds "13"]
[EventCountry "ROU"]
[EventCategory "9"]
[SourceTitle "CBM 094"]
[Source "ChessBase"]
[SourceDate "2003.05.26"]
[SourceVersion "1"]
[SourceVersionDate "2003.05.26"]
[SourceQuality "1"]

1. e4 d6 2. d4 Nf6 3. Nc3 e5 4. Nf3 Nbd7 5. Bc4 Be7 6. O-O O-O 7. Re1 c6 8. a4
a5 9. b3 exd4 10. Qxd4 Ng4 (10... Ne5 11. Be2 Nfg4 12. h3 Nxf3+ 13. Bxf3 Ne5
14. Be2 f5 15. exf5 (15. Ba3 f4 16. f3 Rf6 17. Kh1 Qe8 18. Nd1 Qh5 $40 {
0-1 Besheva,S-Voiska,M/Sofia BUL 2003/(25)}) 15... Bxf5 16. Ne4 d5 17. Ng3 Bg6
18. Be3 Bf6 19. Qd2 Nf7 20. Rad1 Qc7 $11 {1/2-1/2 Degraeve,J-Mitkov,N/Bled
2002/EXT 2003 (43)}) 11. Bb2 (11. Ba3 Bf6 12. Qd2 Nde5 13. Rad1 (13. Be2 Qb6
14. Rf1 Rd8 15. Rad1 Nxf3+ 16. Bxf3 Be6 17. h3 Ne5 18. Be2 d5 $11 {1/2-1/2
Bryson,D-Mitkov,N/Leon 2001/CBM 86 (36)}) (13. Bf1 Nxf2 $2 14. Kxf2 Ng4+ 15.
Ke2 b5 16. axb5 cxb5 17. Bb2 Ba6 18. Kd1 a4 19. b4 Rc8 20. Kc1 Ne5 21. Nd5 {
1-0 Pcola,P-Petrov,J/Piestany 1996/CBM 53 (21)}) 13... Qb6 14. Nxe5 Bxe5 15. h3
Nxf2 16. Qxf2 Qxf2+ 17. Kxf2 Bxc3 18. Re3 Bf6 19. Bxd6 $14 {1-0 Hamdouchi,
H-Oratovsky,M/Mancha Real 2000/EXT 2001 (57)}) (11. h3 Bf6 12. Qd2 Nge5 13. Be2
Nxf3+ 14. Bxf3 Be5 $1 (14... Ne5 15. Be2 Qb6 16. Ba3 Rd8 17. Rad1 Be6 18. Qf4
Ng6 19. Qf3 Be5 20. Bf1 Rac8 21. g3 d5 22. exd5 cxd5 23. Nxd5 Bxd5 24. Rxd5
Rxd5 25. Qxd5 Rxc2 26. Re3 $16 {1-0 Ponomariov,R-Mitkov,N/Panormo 2001/CBM 84
ext (30)}) 15. Rb1 Nc5 16. Nd1 f5 17. exf5 Bxf5 18. Ba3 Ne6 19. Ne3 Ng5 $1 $40
{0-1 Medvegy,N-Oratovsky,M/Budapest 1999/CBM 73/[Oratovsky,M] (27)}) 11... Nde5
12. Nxe5 dxe5 13. Qxd8 Rxd8 14. Rad1 (14. Nd1 Bb4 15. Re2 Re8 16. Ne3 Bc5 17.
Nxg4 Bxg4 18. Rd2 Bb4 19. c3 Bc5 20. Ba3 Bxa3 21. Rxa3 Rad8 $11 {1/2-1/2 Lakos,
N-Rizouk,A/Ferrol 2002/CBM 89 ext (42)}) 14... Re8 (14... Bd7 15. Rd3 Nf6 16.
h3 Bc5 $11) 15. h3 Nf6 16. Nb1 (16. Na2 $1 Bc5 17. Bc3 (17. Nc1 Bb4 18. Re2 Be6
19. Bxe6 Rxe6 20. Nd3 Rd8 $11) 17... Be6 18. Bxe6 Rxe6 19. Nc1 b5 20. Nd3 Bd6
21. Ra1 b4 22. Bd2 $14 {[%cal Gd3b2,Gb2c4]}) 16... Bb4 $1 17. Bc3 (17. c3 Bf8
$11) 17... Bxc3 18. Nxc3 Nd7 $1 $11 19. Rd2 Nb6 20. Be2 Kf8 21. Red1 Ke7 22.
Kf1 g6 23. Bg4 Bxg4 24. hxg4 Rad8 25. Ke2 Rxd2+ 26. Rxd2 Rh8 27. Rd1 Nd7 28.
Nb1 h5 29. gxh5 Rxh5 30. Na3 Nb6 31. Nc4 Nxc4 32. bxc4 {[%cal Gd1b1,Gb1b7]} Rh8
33. Rb1 1/2-1/2

[Event "Samba Cup 2nd"]
[Site "Skanderborg"]
[Date "2005.10.16"]
[Round "3"]
[White "Timofeev, Artyom"]
[Black "Nisipeanu, Liviu Dieter"]
[Result "1-0"]
[WhiteElo "2658"]
[BlackElo "2707"]
[Annotator "Huzman,A"]
[PlyCount "65"]
[EventDate "2005.10.14"]
[EventType "tourn"]
[EventRounds "9"]
[EventCountry "DEN"]
[EventCategory "16"]
[SourceTitle "CBM 110"]
[Source "ChessBase"]
[SourceDate "2006.01.31"]
[SourceVersion "1"]
[SourceVersionDate "2006.01.31"]
[SourceQuality "1"]

1. e4 e5 2. Nf3 d6 3. d4 exd4 4. Nxd4 Nf6 5. Nc3 Be7 6. g3 d5 7. e5 Ng4 8. Bg2
Nxe5 (8... c5 9. Ndb5 a6 10. Nd6+ Bxd6 11. exd6 d4 12. Qe2+ Kf8 13. Nd5 $16 {
1-0 Smagin,S-Antoshin,V/Moscow 1982/MCD (41)}) 9. Qe2 (9. Nxd5 Bd6 (9... O-O $5
) 10. Nb5 c6 11. Nf6+ Ke7 12. Nxd6 Qxd6 13. Qxd6+ Kxd6 14. Ne4+ Kc7 15. Bf4 f6
16. O-O-O $16 {1-0 Ivanisevic,I-Tratar,M/Ljubljana op 2004 (46)}) 9... Nec6 (
9... Nbc6 $5 10. Nxc6 (10. Be3 Bg4 11. f3 Be6 12. O-O-O Nc4 13. f4 $44) 10...
Nxc6 11. Nxd5 O-O (11... Bh3 $5 12. Nf6+ gxf6 13. Bxh3 Qd5 14. O-O Nd4 15. Qd3
Nf3+ 16. Kh1 Qxd3 17. cxd3 Nd4 18. Be3 Rd8 19. Rfe1 $16) (11... Be6 12. Nf4 Nd4
13. Nxe6 fxe6 14. Qd1 $16) 12. Nxe7+ Qxe7 (12... Nxe7 13. Bg5 f6 14. Rd1 Qe8
15. Bf4 $16) 13. Qxe7 Nxe7 14. Bf4 $14) 10. Be3 O-O 11. Nxd5 Nxd4 12. Bxd4 Bb4+
(12... Bg5 13. f4 c6 (13... Re8 $5 14. Be3 Be7 15. O-O-O $36) 14. O-O (14.
O-O-O $5 cxd5 15. fxg5 Qxg5+ 16. Be3 Qe7 17. Rxd5 Nc6 18. Re1 $14) 14... cxd5
15. fxg5 Nc6 16. Bc5 Re8 17. Qf2 (17. Qd2 Be6 18. Rad1 $14) 17... Be6 18. h4
Qa5 19. c3 $14 {1-0 Vesselovsky,S-Novak,I/Tatranska Lomnica 1997/EXT 99 (56)})
(12... Bd6 13. O-O-O Nc6 14. Bc3 Bf5 15. Qb5 Qc8 16. Ne3 Bd7 17. Qd3 Be6 18.
Be4 f5 19. Bd5 $16 {1-0 Hracek,Z-Abeln,M/Saint Vincent ITA 2005/(38)}) 13. Nxb4
Qxd4 14. c3 Qc5 (14... Qd8 15. Rd1 Qe8 16. Nd5 $16 {1-0 Palac,M-Stevic,H/
Zagreb 2004/CBM 105/[Huzman] (36)}) 15. Nd5 {I already commented this opening
line for CBM. To my opinion White has a clear advantage due to the active
position of his pieces.} (15. O-O-O c6 16. Rhe1 Be6 $14) 15... Be6 16. b4 Qd6
17. Rd1 Bxd5 18. Bxd5 {The Bd5 will dominate over the Nb8 now.} Qb6 19. O-O a5
(19... c6 20. Bb3 a5 21. Qe7 $16) 20. Rfe1 ({White could win a pawn by} 20.
bxa5 $5 Qxa5 (20... Rxa5 21. Qe7 $16) 21. Bxb7 Ra7 22. Qe7 c6 23. Rfe1 $16)
20... c6 21. Bb3 axb4 22. Qe7 {[%mdl 132] White starts to attack using his
development advantage and full control over files "d" and "e".} (22. Qf3 Qc7
23. cxb4 Na6 24. Re4 $36) 22... Na6 23. Re5 (23. Rd7 $1 Nc5 (23... bxc3) 24.
Bxf7+ Kh8 25. Rd4 $1 bxc3 26. Rh4 Qd8 27. Rxh7+ $1 (27. Bg6 Qxe7 28. Rxh7+ Kg8
29. Rxe7 Rf6 30. Rexg7+ Kf8 31. Bb1 $16) 27... Kxh7 28. Re5 Rxf7 29. Qxf7 Qd1+
30. Kg2 Kh6 31. h3 $1 $16 {[%csl Rh6][%cal Gg3g4]}) 23... bxc3 24. Rd7 Qb4 (
24... Kh8 $5 25. Rh5 Qb4 26. Qe2 $40) 25. Bxf7+ Kh8 26. Qg5 h6 (26... Qb2 27.
Qh5 h6 (27... Qb1+ 28. Kg2 b5 29. Bb3 $18) 28. Rd6 Qc1+ 29. Kg2 Rad8 30. Rxd8
Rxd8 31. Bb3 Nc7 32. Qg6 $18) 27. Qg6 Qb2 $2 (27... c2 28. Qxc2 Rad8 29. Rde7
$36) 28. Rh5 Qc1+ 29. Kg2 Nb4 30. Rd1 $18 Qc2 31. Rxh6+ gxh6 32. Qf6+ Kh7 33.
Rd7 1-0

[Event "Olympiad-36"]
[Site "Mallorca"]
[Date "2004.10.22"]
[Round "7"]
[White "Godena, Michele"]
[Black "Mitkov, Nikola"]
[Result "1-0"]
[WhiteElo "2550"]
[BlackElo "2539"]
[Annotator "Huzman,A"]
[PlyCount "97"]
[EventDate "2004.10.15"]
[EventType "team-swiss"]
[EventRounds "14"]
[EventCountry "ESP"]
[SourceTitle "CBM 104"]
[Source "ChessBase"]
[SourceDate "2005.01.27"]
[SourceVersion "1"]
[SourceVersionDate "2005.01.27"]
[SourceQuality "1"]
[WhiteTeam "Italy"]
[BlackTeam "Macedonia"]
[WhiteTeamCountry "ITA"]
[BlackTeamCountry "MKD"]

1. e4 d6 2. d4 Nf6 3. Nc3 e5 4. Nf3 Nbd7 5. Bc4 Be7 6. O-O O-O 7. Re1 c6 8. a4
a5 9. h3 exd4 10. Nxd4 Nc5 11. Bf4 Be6 12. Nxe6 (12. Bxe6 fxe6 13. e5 Nd5 14.
Nxd5 exd5 15. Bg3 Bh4 16. Qg4 Bxg3 17. Qxg3 dxe5 18. Qxe5 Re8 19. Qxe8+ Qxe8
20. Rxe8+ Rxe8 21. f3 Kf7 {1/2-1/2 Baramidze,D-Belikov,V/Dortmund 2003/CBM 97 
(21)}) 12... fxe6 13. e5 (13. Qd2 d5 14. exd5 exd5 15. Ba2 Kh8 $15 {0-1
Duminica,M-Ionescu Brandis,I/Bucharest 1993/EXT 99 (28)}) (13. Qe2 Qb6 (13...
Nfd7 14. Qe3 d5 15. exd5 exd5 16. Nxd5 cxd5 17. Bxd5+ Kh8 18. Rad1 Qb6 19. Qxe7
Rxf4 20. Bf3 Raf8 $17 {1/2-1/2 Karasev,V-Shabanov,Y/Satka RUS 2004/(55)}) 14.
Qe3 d5 15. exd5 Nxd5 16. Bxd5 exd5 17. Qxe7 Rxf4 18. Qd6 $2 Rf6 $17 {1/2-1/2
Beliavsky,A-Oratovsky,M/Bugojno 1999/CBM 74/[Oratovsky,M] (50)}) 13... d5 14.
exf6 Bxf6 15. Qg4 (15. Be3 d4 16. Qg4 dxe3 17. Bxe6+ Kh8 18. Rxe3 Bd4 19. Re2
Qf6 $36) 15... h5 (15... dxc4 $2 16. Be3 (16. Rad1 $1 Qb6 (16... Qc8 17. Bd6
Bxc3 18. Bxf8 Qxf8 19. bxc3 $16) 17. Be3 $1 Qxb2 (17... Bxc3 18. bxc3 Rf5 19.
Rd7 $1 $16) 18. Bxc5 Bxc3 19. Qxe6+ Kh8 20. Rb1 $1 Qxc2 21. Bxf8 Bxe1 (21...
Rxf8 22. Qf7 $1 $18) 22. Bxg7+ Kxg7 23. Rxb7+ $18) 16... Qe7 17. Qxc4 $14 {
1-0 Goloshchapov,A-Magem Badals,J/Dhaka 2003/CBM 95/[Huzman] (82)}) 16. Qg3 (
16. Qf3 $5 dxc4 17. Qxh5 Bxc3 18. bxc3 Rf5 (18... Rxf4 19. Qxc5 Qd2 20. Rxe6
Qxc2 21. Re7 $16) (18... Nxa4 19. Qg4 b5 20. Qxe6+ Rf7 21. Be5 Qd7 22. Qg6 $36)
19. Qg4 $36) 16... dxc4 17. Rad1 Qe8 $6 (17... Qb6 18. Be3 Qb4 19. Na2 (19.
Bxc5 Qxc5 20. Ne4 Qf5 21. c3 Rad8 $11) 19... Ne4 20. Qg6 Qxb2 21. Qxe4 Qxa2 22.
Qxe6+ Kh8 23. Rb1 $44) 18. Bd6 Be7 19. Re5 Bxd6 (19... b6 20. Bxe7 Qxe7 21.
Rxh5 $16) 20. Rxd6 b6 (20... Rf5 21. Qe3 Rxe5 22. Qxe5 b6 23. Ne4 $16) 21. Ne4
{The pawns of Black are very weak. It will be more easy to attack them after
the exchange of the knights.} (21. Rg5 Ra7 22. Qh4 Rd7 23. Rxd7 Qxd7 24. Rxh5
Qd2 $132 25. Kh2 $140 Qf4+ 26. Qxf4 Rxf4 27. Kg3 Rd4 $15 {[%cal Yd4d2]}) 21...
Qe7 (21... Rd8 $1 22. Rxd8 Qxd8 23. Nxc5 bxc5 24. Qg6 Qd1+ 25. Kh2 Qd6 26. f4
c3 $1 27. bxc3 (27. b3 c4 28. bxc4 Rxf4 29. Rxe6 Qc7 30. Rxc6 Qe5 31. Re6 Qc7
32. Rd6 $16)) 22. Rd4 ({White missed a nice tactical blow.} 22. Rxc6 $1 Qb7 23.
Rexc5 $1 bxc5 24. Nf6+ $1 (24. Rc7 Qxb2 25. c3 Qc1+ 26. Kh2 Qh6 $17) 24... Rxf6
25. Rc7 Rf7 (25... Rg6 26. Rxb7 Rxg3 27. fxg3 Rd8 28. Rb5 Rd2 29. c3 Kf7 30.
Rxa5 Rxb2 31. Rxc5 Kf6 32. Rxc4 Ra2 $16) 26. Rxb7 Rxb7 27. Qe5 $14 Rb6 28. Qxc5
Rxb2 29. Qxc4 $16) 22... h4 $2 (22... Rad8 $142 23. Rxd8 (23. Rxc4 h4 24. Qg4
Rd5 $132) 23... Qxd8 24. Nxc5 bxc5 25. Qg6 $14) 23. Qg6 Nxe4 24. Qxe4 Rad8 (
24... Qf6 25. f3 Rad8 26. Rxd8 Rxd8 27. Rxe6 Qxb2 28. Qxh4 $16) 25. Rxd8 Qxd8
26. Qxc6 $16 {Triumph of the white strategy! All of Black pawns are weak now
and Kg8 is also in danger.} Qd1+ (26... Rxf2 $142 27. Qxe6+ Rf7 28. Qxc4 $16)
27. Kh2 Rxf2 28. Qxe6+ Rf7 (28... Kh7 29. Rg5 Rf6 30. Qe4+ Kh8 31. Rd5 Qf1 32.
Rd8+ Rf8 33. Rxf8+ Qxf8 34. Qxh4+ Kg8 35. Qxc4+ $18) 29. Rd5 (29. Qc8+ Kh7 30.
Qxc4 $18) 29... Qf1 30. Rd8+ Kh7 31. Qe4+ Qf5 32. Qxh4+ Kg6 33. Rd6+ Rf6 34.
Rxf6+ gxf6 35. Qg4+ $1 {This is the simpliest way to victory. In pawn endings
an extra pawn normally guarantees the win.} Qxg4 36. hxg4 c3 $1 37. b3 $1 (37.
bxc3 b5 38. axb5 a4 39. b6 a3 40. b7 a2 41. b8=Q a1=Q 42. Qg8+ Kh6 43. Qh8+ Kg6
44. Qh5+ Kg7 45. g5 $18) 37... Kf7 38. Kg3 Ke6 39. Kf4 Kd5 40. Kf5 Kd4 41. Kxf6
Ke3 42. g5 Kd2 43. g6 Kxc2 44. g7 Kb2 45. g8=Q c2 46. Qc4 c1=Q 47. Qxc1+ Kxc1
48. g4 Kc2 49. g5 1-0

[Event "FRA-chT Top 16 GpA"]
[Site "Mulhouse"]
[Date "2005.02.05"]
[Round "2"]
[White "Guliyev, Namig"]
[Black "Bacrot, Etienne"]
[Result "1/2-1/2"]
[WhiteElo "2514"]
[BlackElo "2715"]
[Annotator "Huzman,A"]
[PlyCount "47"]
[EventDate "2005.02.04"]
[EventType "team"]
[EventRounds "7"]
[EventCountry "FRA"]
[SourceTitle "CBM 106"]
[Source "ChessBase"]
[SourceDate "2005.06.06"]
[SourceVersion "1"]
[SourceVersionDate "2005.06.06"]
[SourceQuality "1"]

1. e4 e5 2. Nf3 d6 3. d4 exd4 4. Nxd4 Nf6 5. Nc3 Be7 6. Be2 O-O 7. O-O Re8 8.
Re1 Bf8 9. Bf1 Nbd7 10. g3 (10. b3 Nc5 (10... Ne5 11. h3 Ng6 12. Bg5 h6 13.
Bxf6 Qxf6 14. Nd5 Qd8 15. Bb5 Bd7 (15... c6 16. Nxc6 bxc6 17. Bxc6 $16) 16.
Bxd7 Qxd7 17. c4 $14 {0-1 Krapivin,A-Palekha,A/Serpukhov 2003/EXT 2004 (47)}) (
10... g6 11. Bb2 Bg7 12. Qd2 Nc5 13. f3 c6 14. Rad1 Qb6 15. Kh1 $14 {1-0 Senff,
M-Seel,C/Germany 2003/EXT 2004 (38)}) 11. f3 d5 (11... a5 12. a4 c6 13. Bb2 Qb6
14. Qd2 Bd7 15. Nd1 Ne6 16. Nf2 d5 $132 {0-1 Mista,A-Sedlak,N/Hallsberg 2004/
CBM 98 ext (33)}) 12. exd5 (12. e5 Nfd7 13. f4 c6 14. Bb2 Ne6 15. Nxe6 Rxe6 16.
Kh1 Rh6 17. Qf3 Nc5 18. f5 Qh4 19. h3 g6 20. g3 Qg5 21. e6 fxe6 22. b4 Qxf5 23.
Qxf5 gxf5 24. bxc5 Bxc5 $44 {1/2-1/2 Wang Hao-Predojevic,B/Calvia ESP 2004/(67)
}) 12... Rxe1 13. Qxe1 Nxd5 14. Nxd5 Qxd5 15. Bb2 Bd7 $11 {0-1 Adams,M-Bacrot,
E/playchess.com 2003/EXT 2004 (46)}) (10. Bf4 Ne5 11. h3 a6 12. Nf3 Nfd7 13.
Nxe5 dxe5 14. Be3 c6 15. a3 {1/2-1/2 Galkin,A-Kobalija,M/Ekaterinburg 2002/CBM
90 (15)}) (10. Bg5 c6 (10... h6 11. Bh4 c6 (11... Nc5 12. Nb3 Nxb3 13. axb3 Be7
14. Qd4 a6 15. b4 Be6 16. Bc4 Nd7 17. Bxe7 Rxe7 18. Rad1 Qc8 19. Bxe6 fxe6 {
1/2-1/2 Levacic,P-Mrdja,M/Cannes 2001/EXT 2003 (19)}) (11... Ne5 12. h3 Ng6 13.
Bg3 c6 14. a4 a5 15. Bc4 Qb6 16. Bb3 Bd7 17. Qd2 Rad8 18. Rad1 $14 {1/2-1/2
Savic,M-Popovic,D/Bosnjaci CRO 2005/(52)}) (11... g6 12. Qd2 Bg7 13. Rad1 g5
14. Bg3 Ne5 15. h3 Ng6 16. Bh2 a6 17. a3 Bd7 18. Bc4 Rb8 19. Ba2 Re7 20. Nd5
Nxd5 21. exd5 Rxe1+ 22. Rxe1 Qf6 $11 {1/2-1/2 Ivanov,I-Yurtaev,L/Moscow 1979/
MCD (31)}) 12. Qd2 Ne5 13. f3 (13. f4 Ng6 14. Bf2 Bd7 15. a4 Ng4 16. Bg3 h5 17.
f5 h4 18. fxg6 hxg3 19. gxf7+ Kxf7 20. Bc4+ Kg6 $13 {0-1 Gazik,I-Vorotnikov,V/
Soviet Union 1991/CBM 26 (30)}) 13... Ng6 14. Bf2 a6 (14... Qc7 15. a4 Bd7 16.
Rad1 Rad8 17. Nb3 Be6 18. Nd4 Bc8 19. Bc4 a6 20. Bb3 b5 21. axb5 axb5 22. Nde2
Nd7 23. Nf4 Nge5 $11 {1/2-1/2 Sziraki,T-Ruck,T/Hungary 1995/EXT 97 (42)}) 15.
a4 Bd7 16. a5 c5 17. Nb3 Bc6 18. Na4 Qe7 19. Nb6 Rad8 20. c4 $16 {1-0 Olivier,
J-Denoth,M/Geneve 2004/CBM 98 ext (42)}) 11. a4 (11. Qd2 h6 12. Bf4 Ne5 13. f3
Qb6 14. a4 a5 15. Kh1 Bd7 16. Be3 Qc7 17. Rad1 Ng6 18. Bc4 Re5 19. Nde2 d5 20.
exd5 cxd5 21. Bxd5 Rae8 22. Ng3 Bb4 23. Bb3 Bc6 {1/2-1/2 Mainka,R-Kalinitschew,
S/Travemuende 2002/EXT 2004 (23)}) 11... Nc5 (11... Ne5 12. h3 Ng6 (12... a5
13. Qd2 Ng6 14. Qd3 h6 15. Bd2 Qb6 16. Be3 Qc7 17. Rad1 Bd7 18. g3 Qc8 19. g4
d5 $132 {1/2-1/2 Abashev,D-Palekha,A/Serpukhov 2003/EXT 2004 (26)}) 13. Qf3 Ne5
14. Qg3 Ng6 15. Rad1 h6 16. Bc1 Qa5 17. Bc4 Qh5 18. Bd3 Qe5 19. Qe3 Qc5 20. Nb3
Qxe3 21. Bxe3 $14 {1/2-1/2 Djingarova,E-Scalcione,M/Reggio Emilia 2002/EXT
2003 (40)}) (11... h6 12. Bh4 Nc5 (12... a5 13. Nb3 (13. Bc4 g6 14. Ba2 Bg7 15.
Qd2 Qb6 16. Nf3 g5 17. Bg3 Ne5 18. Nxe5 dxe5 19. Nd1 Bf8 $11 {0-1 Stojanovic,
D-Kobalija,M/Neum 2002/CBM 90/[Hecht] (45)}) 13... Ne5 14. h3 Be6 15. Nd4 Bd7
16. Kh1 Ng6 17. Bg3 Qb6 18. Qd2 Rad8 19. Rad1 Bc8 20. Qc1 d5 $11 {0-1 Abdul,
M-Najjar,A/Bled 2002/EXT 2003 (37)}) (12... Ne5 13. a5 Bd7 14. Nb3 g5 15. Bg3
Qe7 16. Nd2 Be6 17. Na4 Nfd7 18. c4 Bg7 $11 {0-1 Bjerring,K-Vorotnikov,V/
Copenhagen 1990/EXT 97 (36)}) 13. f3 Ne6 14. Kh1 Nxd4 15. Qxd4 Qb6 16. Bxf6
gxf6 17. Qd2 f5 $132 {1/2-1/2 Arakhamia Grant,K-Iordachescu,V/Wijk aan Zee
2002/CBM 86 ext (54)}) 12. f3 Ne6 13. Be3 d5 14. exd5 Nxd5 15. Nxd5 Qxd5 16.
Nxe6 {1/2-1/2 Charbonneau,P-Fridman,D/Philadelphia USA 2004/(16)}) (10. f3 c6
11. b3 (11. Be3 Nc5 12. Qd2 Ne6 13. Rad1 Nxd4 14. Bxd4 Be6 15. Qf2 Nd7 16. a4
Qa5 17. Kh1 f6 18. h3 a6 19. Qd2 b5 {1/2-1/2 Zelcic,R-Predojevic,B/Bosnjaci
CRO 2005/(19)}) 11... d5 12. exd5 Rxe1 13. Qxe1 Nb6 14. Bb2 Nbxd5 15. Nxd5 cxd5
16. Rd1 Bd7 17. Kh1 Qb6 18. Bd3 g6 19. Ne2 Bg7 20. Bd4 Qd6 21. Qc3 Re8 22. Qc5
Qxc5 23. Bxc5 a6 24. a4 Rc8 25. Bd4 Bc6 26. Kg1 Nd7 27. Bxg7 Kxg7 28. Nf4 Kf6
29. Kf2 Ke5 30. g3 Nf6 31. h4 Bd7 {1/2-1/2 Kim,A-Palekha,A/Serpukhov 2003/EXT
2004 (31)}) 10... Ne5 11. Bg2 Bg4 12. f3 c5 $1 {In case of the retreat of the
Bg4 White has enogh time to consolidate his position and due to his space
advantage his chances would be higher.} 13. Nf5 (13. fxg4 cxd4 14. Qxd4 Nexg4
$11) (13. Nb3 Be6 {[%csl Rb3][%cal Yd6d5]}) (13. Ndb5 Be6 {[%cal Ya7a6]} 14.
Bg5 a6 15. Bxf6 gxf6 16. Na3 b5 17. Nd5 b4 18. Nb1 Bg7 $132 {[%cal Yf6f5]})
13... Bxf5 14. exf5 d5 $11 15. Bf4 (15. Bg5 d4 (15... c4 16. Bxf6 Qxf6 17. f4
Nc6 18. Qxd5 Nd4 19. Qxc4 Nxc2 20. Nd5 Qxf5 $11) 16. Ne4 Be7 17. f4 Nc4 18.
Nxf6+ Bxf6 19. Rxe8+ Qxe8 20. Bxf6 gxf6 $15) (15. f4 Nc4 16. Rxe8 Qxe8 17. Nxd5
Nxd5 18. Qxd5 (18. Bxd5 Rd8 $17) 18... Qe1+ 19. Bf1 Ne3 20. Bxe3 Qxa1 21. Qxb7
Re8 $15) 15... Qd6 (15... Nc4 $5 16. Rxe8 Qxe8 17. Nxd5 Qc6 18. Nc7 Rc8 19. Qe2
Nb6 (19... Nd6 20. Bxd6 Bxd6 21. Nb5 $14) 20. Nb5 Re8 21. Qf1 c4 22. Nd4 Bc5
$44) 16. Rxe5 (16. Nb5 Qb6 17. Bxe5 Qxb5 18. Bxf6 Rxe1+ 19. Qxe1 gxf6 $11) (16.
Qe2 Nfd7 17. Rad1 d4 18. Ne4 Qb6 $13) 16... Rxe5 17. Bxe5 Qxe5 18. f4 Qxf5 (
18... Qe3+ 19. Kh1 d4 20. Nd5 Nxd5 21. Bxd5 $11) 19. Nxd5 c4 {[%cal Yf8c5]} (
19... Nxd5 20. Qxd5 Qxc2 21. Qxb7 Re8 22. Qb3 $11) 20. Qd4 Nxd5 21. Bxd5 Qxc2
22. Bxf7+ (22. Re1 Bb4 $11) 22... Kxf7 23. Qd5+ Kf6 24. Qe5+ (24. Re1 Qf5 $19)
1/2-1/2